000 00269nam a22001217a 4500
003 SGT
082 _a616.995
_bP85S
100 _aSMITH, D.W.
245 _aPROTECTIVE EFFECT OF BCG IN EXPERIMENTAL
260 _aBASEL
_bKARGER
_c1985
300 _a97
942 _2ddc
_cBK
999 _c14944
_d14944